banner-ar

INDIA / (Record no. 22274)

MARC details
000 -الفاتح
حقل البيانات ثابتة الطول 00494nam a2200193Ia 4500
008 - عناصر البيانات ثابتة الطول - معلومات عامة
حقل البيانات ثابتة الطول 140319s9999 xx 000 0 eng d
040 ## - مصدر الفهرسة
وكالة الفهرسة الأصلية GCL /
وكالة النسخ GCL
082 04 - رقم تصنيف ديوى العشرى
رقم التصنيف 722.44
رقم المادة W I
100 1# - المدخل الرئيسى - إسم شخصى
الإسم الشخصى WOLWAHSEN, ANDREES
245 10 - بيان العنوان
العنوان INDIA /
بيان المسئوليه,etc WOLWAHSEN, ANDREES
300 ## - الوصف المادى
التعداد 191 P ؛
أبعاد الوعاء 21 cm.
490 ## - بيان السلسلة
عنوان السلسلة ARCHITECTURE OF THE WORLD
رقم المجلد/ التعيين التسلسلي 0
650 04 - المدخل الاضافى بالموضوع-مصطلح موضوعى
مصطلح موضوعي INDIA - CIVILIZATION
650 04 - المدخل الاضافى بالموضوع-مصطلح موضوعى
مصطلح موضوعي ARCHITECTURE
650 04 - المدخل الاضافى بالموضوع-مصطلح موضوعى
مصطلح موضوعي INDIA
942 ## - عناصر المدخل الإضافي( كوها)
مصدر التصنيف او مخطط الترفيف Dewey Decimal Classification
Koha [default] item type كتاب
260 ## - PUBLICATION, DISTRIBUTION, ETC. (IMPRINT)
-- [S.N] :
-- BENEDIKT TASCHEN
Holdings
حالة التراجع حالة الفقد حالة تلف ليس للاعارة المكان المؤقت الموقع الحالى تاريخ الاكتساب اجمالي اﻻعارات رقم الطلب الباركود تاريخ اخر مشاهدة تاريخ تفعيل السعر نوع وعاء كوها
        مكتبة القاهرة الكبرى مكتبة القاهرة الكبرى 03/26/2014   722.44\ W I 40527 03/26/2014 03/26/2014 كتاب
        مكتبة القاهرة الكبرى مكتبة القاهرة الكبرى 03/26/2014   722.44\ W I 40528 03/26/2014 03/26/2014 كتاب

Powered By

EGPV